Sports Quiz

Random Sports or Animation Quiz

NFL Referee Signals (Animated) Quiz Stats

 Plays Quiz not verified by Sporcle

Challenge
Share
Tweet
Score 0/14 Timer 05:00
0 Plays Today
Call % Correct
Score
98.2%
Safety
82.5%
Holding
79.1%
Facemask Penalty
75.5%
Offside
66.6%
False Start
66%
Incomplete Pass
58.6%
Call % Correct
Time Out
45.7%
Unsportsmanlike
27.3%
Start Clock
26.1%
Official Time Out
19%
Dead Ball
15.3%
Delay of Game
10.4%
Ineligible Receiver
9.2%

You're not logged in!

Compare scores with friends on all Sporcle quizzes.
OR
Log In

You Might Also Like...

Show Comments

Extras

Top Quizzes Today


Score Distribution

Your Account Isn't Verified!

In order to create a playlist on Sporcle, you need to verify the email address you used during registration. Go to your Sporcle Settings to finish the process.

Report this User

Report this user for behavior that violates our Community Guidelines.

Details: